Missing Word: Animals in Movie Titles Quiz Stats

 Plays Quiz Updated Feb 4, 2015

Challenge
Share
Tweet
Embed
Score 0/14 Timer 02:00
1 Play Today
Movie Animal % Correct
The Silence of the _____Lambs
98.6%
Monty _____ and the Holy GrailPython
97.1%
Raging _____Bull
94.2%
_____ Day AfternoonDog
88.4%
The Maltese _____Falcon
82.5%
The _____ KingLion
78.3%
The _____ HunterDeer
76.5%
Movie Animal % Correct
Twelve _____Monkeys
64.1%
The _____ ManElephant
49.8%
Black _____Swan
48.3%
_____ DayGroundhog
35%
The Seventh _____Seal
31.7%
The Diving Bell and the _____Butterfly
26.7%
Grave of the _____Fireflies
14.1%

Today's Daily Dose

You're not logged in!

Compare scores with friends on all Sporcle quizzes.
Join for Free
OR
Log In

You Might Also Like...

Show Comments

Extras

Top Quizzes Today


Score Distribution

Your Account Isn't Verified!

In order to create a playlist on Sporcle, you need to verify the email address you used during registration. Go to your Sporcle Settings to finish the process.

Report this User

Report this user for behavior that violates our Community Guidelines.

Details: